000 00518nam a2200169Ia 4500
008 240729s9999 xx 000 0 und d
022 _a2369-8721
245 4 _aThe Journal for Undergraduate Ethnography
260 _aCanada
260 _bDalhousie University Libraries
650 _a Anthropology
650 _a Ethnology. Social and cultural anthropology
650 _aGeography. Anthropology. Recreation
856 _uhttps://doaj.org/toc/d651ffcab9d44f5e82dfacc86a924c54
942 _2ddc
942 _cDOAJEJ
999 _c68714
_d68714
945 _a1
_bMadushi Gamage
_c1
_dMadushi Gamage